000 02948cam a22011654i 4500
003 PE-LiUPU
005 20250813185452.0
008 150623s2003 pe r 000 0 spa d
035 _a(Sirsi) a27271
040 _aPE-LiUPU
_bspa
_cPE-LiUPU
_dPE-LiUPU
_erda
049 _aPRUA
082 0 4 _a353.7
_bP87P
_221
110 2 _aProyecto 2000 (Perú)
245 1 0 _aProyecto 2000 un proyecto de innovaciones en salud :
_breporte técnico final del equipo de asistencia técnica /
_cProyecto 2000.
264 1 _aLima, Perú :
_bUSAID,
_c2003.
300 _a138 páginas ;
_c29 centímetros
336 _atext
_2rdacontent
337 _aunmediated
_2rdamedia
338 _avolume
_2rdacarrier
505 0 _aResumen ejecutivo -- Objetivos y metas -- Estrategias utilizadas -- Áreas de desarrollo del proyecto 2000 -- El contexto durante la vida del proyecto -- Resultados de las intervenciones del proyecto -- Lecciones aprendidas.
526 _aP202
526 _aP201
526 _aP163
526 _aP162
526 _aP161
526 _aP160
526 _aP148
526 _aP147
526 _aP146
526 _aP145
526 _aP144
526 _aP143
526 _aP142
526 _aP141
526 _aP140
526 _aP139
526 _aP138
526 _aP137
526 _aP136
526 _aP135
526 _aP134
526 _aP133
526 _aP129
526 _aP128
526 _aP127
526 _aP120
526 _aP119
526 _aP118
526 _aP116
526 _aP115
526 _aP114
526 _aP110
526 _aP109
526 _aP108
526 _aP104
526 _aP103
526 _aP102
526 _aP99
526 _aP98
526 _aP97
526 _aP96
526 _aP95
526 _aP93
526 _aP90
526 _aP89
526 _aP88
526 _aP83
526 _aP82
526 _aP62
526 _aP59
526 _aP58
526 _aP57
526 _aP51
526 _aP49
526 _aP48
526 _aP47
526 _aP29
526 _aP24
526 _aP20
526 _aP19
526 _aP17
526 _aP15
526 _aP14
526 _aP12
526 _aP10
526 _aP09
526 _aP08
526 _aP07
526 _aP06
526 _aP05
526 _aP04
526 _aP01
650 0 4 _aProyectos de salud
_zPerú.
942 _2ddc
_cBOOK
949 _a353.7 P87P
_wDEWEY
_c1
_i52566
_lCCODEBUL1
_mBUL
_p9.00
_r0
_sY
_tBOOK
_u2015-06-24
_xSALUD
_zUNKNOWN
_0COMPRA
_o.STAFF. Colección Ciencias de la Salud
994 _aC0
_bPEPRU
596 _a1
999 _a353.7 P87P
_wDEWEY
_c34393
_i52566
_d34393
_e2015-10-7
_f2021-11-3
_g5
_lCCODEBUL1
_mBUL
_n1
_p9.00
_r0
_sY
_tBOOK
_u2015-6-24
_xSALUD
_zUNKNOWN
_0COMPRA
_o.STAFF. Colección Ciencias de la Salud
980 _81
_gALBERTO SANCHEZ Responsable de Automatización